La saga/fuga de J.B. /

Bewaard in:
Bibliografische gegevens
Hoofdauteur: Torrente Ballester, Gonzalo (autor)
Formaat: Boek
Taal:Spaans
Gepubliceerd in: Barcelona, España : Destino, 1973, c1973
Reeks:(Ancora y Delfín ; 388)
Onderwerpen:
Tags: Voeg label toe
Geen labels, Wees de eerste die dit record labelt!

MARC

LEADER 00000nam^a2200000^a^4500
001 000190975
005 20250521000000.0
009 20260310102510.181
020 |a 84-233-0626-7 
025 |a Donación Lourdes Sierra, 1 ejemplar 
037 |a Acervo ITESO - Biblioteca 
041 |a ESP 
082 |a 863.  |b TOR 
100 |a Torrente Ballester, Gonzalo  |e (autor) 
245 1 3 |a La saga/fuga de J.B. /  |c G. Torrente Ballester. 
264 4 |a Barcelona, España :  |b Destino,  |c 1973, c1973 
300 |a 584 p. 
336 |a texto  |b txt  |2 rdacontenido 
337 |a sin mediación  |b n  |2 rdamedio 
338 |a volumen  |b nc  |2 rdasoporte 
440 1 |a (Ancora y Delfín ;  |v 388) 
545 0 |a Gonzalo Torrente Ballester, escritor español nacido en 1910 en Serantes y muerto en 1999 en Salamanca. Su obra combina, con frecuencia, un análisis de la realidad española con cierta perspectiva psicológica de los personajes. Destaca entre sus obras la trilogía Los gozos y las sombras, formada por El señor llega (1957), Donde da la vuelta el aire (1960) y La Pascua triste (1962). Otros de sus títulos son Don Juan (1963), La saga/fuga de J.B. (1972), Fragmentos del Apocalipsis (1977), La isla de los jacintos cortados (1980), Dafne y ensueños (1982), Filomeno a mi pesar (1988), Crónica del rey pasmado (1989) y La muerte del decano (1992). Obtuvo numerosos premios, tan relevantes como el Príncipe de Asturias (1982) y el Cervantes (1985), pero también otros como el de la Crítica (en varias ocasiones), el Ciudad de Barcelona (1972), el Planeta (1988) y el Azorín (1994). 
586 |a Premio Príncipe de Asturias de las Letras 1982, ex aequo 
586 |a Premio Miguel de Cervantes 1985 
586 |a Premio Planeta 1988 
649 |a XX 
650 |a Novela Española 
650 |a Literatura Española -  |y Siglo XX 
910 |a Fondo General 
920 |a Impresos - Libros 
930 |a Colección General 
940 |a Literatura 
905 |a 101 
901 |a 0500134544  |b IT1  |c LIT  |i D  |u 20250521 
902 |a https://opac.biblio.iteso.mx/vufind/Record/000190975